Neurología clínica /

Shranjeno v:
Bibliografske podrobnosti
Glavni avtor: Pryse-Phillips, William E.M (autor)
Drugi avtorji: Murray, T.J. (autor) (autor)
Format: Knjiga
Jezik:španščina
Izdano: México : El Manual Moderno, 1996, c1996
Izdaja:2a edición
Teme:
Oznake: Označite
Brez oznak, prvi označite!

MARC

LEADER 00000nam^a2200000^a^4500
001 000160371
005 20250521000000.0
009 20260310100720.446
020 |a 968-426-706-1 
037 |a Acervo ITESO - Biblioteca 
041 |a ESP 
082 |a 616. 8  |b PRY 
100 |a Pryse-Phillips, William E.M.  |e (autor) 
245 1 0 |a Neurología clínica /  |c W.E.M. Pryse-Phillips, T.J. Murray ; tr. por Jorge A. Mérigo Jane. 
250 |a 2a edición 
264 4 |a México :  |b El Manual Moderno,  |c 1996, c1996 
300 |a XVI, 738 p. 
336 |a texto  |b txt  |2 rdacontenido 
337 |a sin mediación  |b n  |2 rdamedio 
338 |a volumen  |b nc  |2 rdasoporte 
500 |a Traducción de: Essential Neurology 
649 |a XX 
650 |a Depresión 
650 |a Demencia 
650 |a Memoria 
650 |a Problemas de Aprendizaje 
650 |a Trastornos del Sueño 
650 |a Enfermedades -  |x Tratamiento 
650 |a Enfermedades -  |x Diagnóstico 
650 |a Exploración Neurológica 
650 |a Sistema Nervioso 
650 |a Sintomatología 
650 |a Psicopatología 
650 |a Psicología Clínica 
650 |a Neurofisiología 
650 |a Neurología 
650 |a Neurociencias 
650 |a Medicina 
650 |a Ciencias Médicas 
700 |a Murray, T.J.  |e (autor) 
910 |a Fondo General 
920 |a Impresos - Libros 
930 |a Colección General 
905 |a 101 
901 |a 0500092071  |b IT1  |c ACC  |u 20250521 
902 |a https://opac.biblio.iteso.mx/vufind/Record/000160371